The affluent sheep (Record no. 373902)

000 -LEADER
fixed length control field 00312cam a22001217a 4500
008 - FIXED-LENGTH DATA ELEMENTS--GENERAL INFORMATION
fixed length control field 180718b1963 xxu||||| |||| 00| 0 eng d
082 ## - DEWEY DECIMAL CLASSIFICATION NUMBER
Classification number T15x42 M611
100 ## - MAIN ENTRY--PERSONAL NAME
Personal name Millar,Robert
245 ## - TITLE STATEMENT
Title The affluent sheep
Statement of responsibility, etc. by Robert Millar
260 ## - PUBLICATION, DISTRIBUTION, ETC.
Place of publication, distribution, etc. London
Name of publisher, distributor, etc. Longmans
Date of publication, distribution, etc. 1963
300 ## - PHYSICAL DESCRIPTION
Extent 203p.
650 ## - SUBJECT ADDED ENTRY--TOPICAL TERM
Topical term or geographic name entry element Consumers - UK
Holdings
Withdrawn status Lost status Damaged status Not for loan Permanent Location Current Location Date acquired Full call number Barcode Date last seen Price effective from Koha item type
        Indian Institute of Public Administration Indian Institute of Public Administration 1994-06-23 T15x42 M611 32928 2018-07-21 2018-07-21 Book

Powered by Koha